000
00313pab a2200121 454500
008
180718b xxu||||| |||| 00| 0 eng d
100
_a
Subrahmanyam, K.
245
_a
Nuclear Security: the Indian imperative
650
_a
Nuclear security
650
_a
Defence, National
773
_a
Economic Times
909
_a
22574
999
_c
22574
_d
22574